Melanie Martinez - Cry Baby - Statistics

General Stats
  • This quiz has been taken 232 times
  • The average score is 277 of 369
Answer Stats
Answer % Correct
cry
94%
baby
93%
you
93%
to
92%
your
91%
a
88%
the
88%
but
87%
i
86%
see
86%
don't
85%
tears
85%
care
84%
so
84%
heart
83%
fall
82%
call
80%
and
79%
then
79%
they
79%
brain
78%
replace
78%
with
78%
can
75%
in
75%
seem
75%
eyes
73%
out
73%
laugh
71%
those
71%
through
71%
everyone
70%
of
70%
apart
69%
ground
69%
it
69%
them
69%
body
68%
come
68%
dark
68%
for
68%
too
68%
try
68%
big
66%
let
66%
that
66%
where
66%
before
65%
just
65%
take
65%
things
65%
start
64%
heart's
63%
me
63%
pour
63%
explain
62%
inside
62%
my
62%
why
62%
handle
61%
on
61%
all
60%
faucet
60%
it's
60%
no
59%
someone's
58%
again
57%
friends
57%
lost
57%
won't
57%
back
56%
coming
56%
fit
56%
not
56%
turning
56%
you're
56%
drown
55%
keep
55%
anyone
54%
own
54%
are
53%
better
53%
else
53%
know
53%
than
53%
myself
52%
one
52%
yourself
52%
kind
51%
mine
51%
at
50%
look
50%
understands
49%
told
47%
have
45%
same
43%
you'll
42%
'cause
40%
even
34%
far
16%
our
5%
No matching quizzes found
Score Distribution
Percent of People with Each Score
Percentile by Number Answered
Your Score History
You have not taken this quiz